000 00980cam a2200289 a 4500
001 2866
005 20240118154627.0
020 _a9780194309332
040 _aDLC
_cDLC
_dDLC
_beng
050 0 0 _aPE1128.S73447
082 0 0 _a428.6
100 1 _aStamper, Judith Bauer
245 1 2 _aA sweet surprise /
_cby Judith Bauer Stamper ; illustrated by Sally Springer
250 _aPrinted in Hong Kong
260 _aNew York :
_bOxford University Press,
_c2005
300 _a14 pages :
_bcolor illustrations ;
_c25 cm.
490 _aKids Readers
505 _aD
520 _aStories based on The Oxford Picture Dictionary for Kids enhance children's vocabulary and reading skills.
521 _a170
_bLexile
521 _aD
_bRaz-Plus
650 0 _aEnglish language
_vTextbooks for foreign speakers
_vJuvenile literature.
650 0 _aReaders (Primary)
700 1 _aSpringer, Sally
906 _a7
_bcbc
_corignew
_d1
_eocip
_f20
_gy-gencatlg
942 _2ddc
_cBK
_n0
999 _c2866
_d2866